Statistics for Roger Ebert's Great Movies

Click here to take the quiz!

General Stats

  • This quiz has been taken 11 times
    (10 since last reset)
  • The average score is 53 of 362

Answer Stats

Answer% Correct
Apocalypse Now
78%
Psycho
78%
The Godfather
78%
Goodfellas
67%
M
67%
Rear Window
67%
Vertigo
67%
2001: A Space Odyssey
56%
Barry Lyndon
56%
Citizen Kane
56%
Dr. Strangelove or: How I Learned to Stop Worrying and Love the Bomb
56%
E.T. the Extra-Terrestrial
56%
Gone With The Wind
56%
Lawrence of Arabia
56%
One Flew Over the Cuckoo's Nest
56%
Pulp Fiction
56%
Raging Bull
56%
The Bridge on the River Kwai
56%
The Godfather: Part II
56%
The Shining
56%
12 Angry Men
44%
8 1/2
44%
Alien
44%
Casablanca
44%
City Lights
44%
Dark City
44%
Fargo
44%
Jaws
44%
Network
44%
Paths of Glory
44%
Raiders of the Lost Ark
44%
Snow White and the Seven Dwarfs
44%
Star Wars: Episode IV - A New Hope
44%
Taxi Driver
44%
The Good, the Bad and the Ugly
44%
The Shawshank Redemption
44%
The Wizard of Oz
44%
West Side Story
44%
All About Eve
33%
Amadeus
33%
Annie Hall
33%
Beauty and the Beast
33%
Breathless
33%
Chinatown
33%
Dog Day Afternoon
33%
Fanny and Alexander
33%
Greed
33%
Le Samourai
33%
Mean Streets
33%
Metropolis
33%
Mulholland Drive
33%
My Fair Lady
33%
On The Waterfront
33%
Patton
33%
Persona
33%
Pinocchio
33%
Ran
33%
Rashomon
33%
Rio Bravo
33%
Schindler's List
33%
Se7en
33%
Seven Samurai
33%
Solaris
33%
The 400 blows
33%
The General
33%
The Maltese Falcon
33%
The Night of the Hunter
33%
The Passion of Joan of Arc
33%
The Rules of the Game
33%
The Wild Bunch
33%
Touch of Evil
33%
Viridiana
33%
After Hours
22%
A. I. Artificial Intelligence
22%
Amarcord
22%
Army of Shadows
22%
Belle de Jour
22%
Blade Runner
22%
Do The Right Thing
22%
Double Indemnity
22%
Easy Rider
22%
Grand Illusion
22%
Groundhog Day
22%
Hoop Dreams
22%
JFK
22%
Magnolia
22%
Manhattan
22%
Nosferatu
22%
Notorious
22%
Romeo and Juliet
22%
Sansho the Bailiff
22%
Shadow of a Doubt
22%
Some Like It Hot
22%
Sunrise: A Song of Two Humans
22%
Sunset Boulevard
22%
Superman
22%
The Apartment
22%
The Best Years of Our Lives
22%
The Big Lebowski
22%
The Conversation
22%
The Discreet Charm of the Bourgeoisie
22%
The Exterminating Angel
22%
The Great Dictator
22%
The Treasure of the Sierra Madre
22%
Ugetsu
22%
Un Chien Andalou
22%
Winter Light
22%
25th Hour
11%
3 Women
11%
Ace in the Hole
11%
A Christmas Story
11%
Aguirre: The Wrath of God
11%
Ali: Fear Eats the Soul
11%
A Man Escaped
11%
An Autumn Afternoon
11%
A Prairie Home Companion
11%
A Tale of Winter
11%
Atlantic City
11%
Battleship Potemkin
11%
Beat the Devil
11%
Being There
11%
Bicycle Thieves
11%
Blow-Up
11%
Bonnie and Clyde
11%
Bring Me the Head of Alfredo Garcia
11%
Caché
11%
Chimes at Midnight
11%
Chop Shop
11%
Contact
11%
Cool Hand Luke
11%
Cries and Whispers
11%
Crimes and Misdemeanors
11%
Days of Heaven
11%
Detour
11%
Diary of a Country Priest
11%
Diva
11%
Don't Look Now
11%
Dracula
11%
Exotica
11%
Faust
11%
Five Easy Pieces
11%
Goldfinger
11%
Great Expectations
11%
Howards End
11%
Ikiru
11%
In A Lonely Place
11%
In Cold Blood
11%
It's a Wonderful Life
11%
Johnny Guitar
11%
Jules and Jim
11%
Juliet of the Spirits
11%
Kind Hearts and Coronets
11%
King Kong
11%
L.A. Confidential
11%
La Dolce Vita
11%
L'Atalante
11%
Late Spring
11%
Léolo
11%
Lost in Translation
11%
McCabe and Mrs. Miller
11%
Mephisto
11%
Moonstruck
11%
My Darling Clementine
11%
Nashville
11%
NIghts of Cabiria
11%
Orpheus
11%
Pan's Labyrinth
11%
Paris, Texas
11%
Peeping Tom
11%
Pickpocket
11%
Picnic at Hanging Rock
11%
Pink Floyd The Wall
11%
Planes, Trains and Automobiles
11%
Playtime
11%
Rebel Without A Cause
11%
Red River
11%
Safety Last!
11%
Scarface
11%
Singin' in the Rain
11%
Spirited Away
11%
Stagecoach
11%
Sweet Smell of Success
11%
Swing Time
11%
The Age of Innocence
11%
The Apu Trilogy
11%
The Battle of Algiers
11%
The Big Heat
11%
The Big Red One
11%
The Big Sleep
11%
The Bride of Frankenstein
11%
The Cabinet of Dr. Caligari
11%
The Color Purple
11%
The Fall of the House of Usher
11%
The Grapes of Wrath
11%
The Hairdresser's Husband
11%
The Hustler
11%
The Killing
11%
The Last Laugh
11%
The Last Picture Show
11%
The Last Temptation of Christ
11%
The Life and Death of Colonel Blimp
11%
The Life of Oharu
11%
The Manchurian Candidate
11%
The Man Who Laughs
11%
The Man Who Shot Liberty Valance
11%
The Music Room
11%
The Phantom of the Opera
11%
The Pledge
11%
The Producers
11%
The Red Shoes
11%
The Right Stuff
11%
The River
11%
The Seventh Seal
11%
The Silence of the Lambs
11%
The Thief of Bagdad
11%
The Thin Man
11%
The Third Man
11%
This is Spinal Tap
11%
Through a Glass Darkly
11%
Tokyo Story
11%
Top Hat
11%
Triumph of the Will
11%
Umberto D.
11%
Wings of Desire
11%
Woodstock
11%
Yankee Doodle Dandy
11%
Yojimbo
11%
Adaption.
0%
After Dark, My Sweet
0%
A Hard Day's Night
0%
A Sunday in the Country
0%
Au Hasard Balthazar
0%
Au Revoir Les Enfants
0%
A Woman's Tale
0%
A Woman Under the Influence
0%
A Year of the Quiet Sun
0%
Babel
0%
Badlands
0%
Ballad of Narayama
0%
Baraka
0%
Bob The Gambler
0%
Body Heat
0%
Brokon Blossoms or The Yellow Man and the Girl
0%
Cabiria
0%
Cat People
0%
Children of Paradise
0%
Come And See
0%
Crumb
0%
Day for Night
0%
Departures
0%
Diary of a Lost Girl
0%
Duck Soup
0%
El Norte
0%
El Topo
0%
Eternal Sunshine of the Spotless Mind
0%
Fitzcarraldo
0%
Floating Weeds
0%
Forbidden Games
0%
French Cancan
0%
Gates of Heaven
0%
Grave of the Fireflies
0%
Harakiri
0%
Heart of Glass
0%
Honour Among Thieves
0%
Inherit the Wind
0%
Ivan the Terrible, Part One
0%
Ivan the Terrible, Part Two
0%
Killer of Sheep
0%
La Belle Noiseuse
0%
La cérémonie
0%
La Collectionneuse
0%
Last Tango in Paris
0%
Last Year at Marienbad
0%
Laura
0%
Leaving Las Vegas
0%
Léon Morin, Priest
0%
Looney Tunes: Golden Collection Vol. 1
0%
Make Way for Tomorrow
0%
MIshima: A Life in Four Chapters
0%
Mon Oncle
0%
Mon Oncle d'Amérique
0%
Monsieur Hire
0%
Moolaadé
0%
Mr. Hulot's Holiday
0%
My Dinner With Adre
0%
My Life to Live
0%
My Man Godfrey
0%
My Neighbour Totoro
0%
Mystery Train
0%
My Uncle Antoine
0%
Nanook of the North
0%
Night Moves
0%
Nosferatu the Vampyre
0%
Out of the Past
0%
Pale Flower
0%
Pandora's Box
0%
Pixote
0%
Raise of the Red Lantern
0%
Red Beard
0%
Richard III
0%
Rififi
0%
Ripley's Game
0%
Rocco and His Brothers
0%
Samurai Rebellion
0%
Santa Sangre
0%
Saturday Night Fever
0%
Say Anything...
0%
Secrets & Lies
0%
Senso
0%
Shane
0%
Shoah
0%
Smiles of a Summer Night
0%
Souls for Sale
0%
Spring, Summer, Fall, Winter ... and Spring
0%
Strangers on a Train
0%
Stroszek
0%
Tender Mercies
0%
The Adventure
0%
The Adventures of Robin Hood
0%
The Band Wagon
0%
The Bank Dick
0%
The Birth of a Nation
0%
The Blue Kite
0%
The Butcher
0%
The Circus
0%
The Dead
0%
The Decalogue
0%
The Double Life of Véronique
0%
The Earrings of Madame de...
0%
The Enigma of Kaspar Hauser
0%
The Firemen's Ball
0%
The Gospel According to St. Matthew
0%
The Grey Zone
0%
The Lady Eve
0%
The Leopard
0%
The Long Goodbye
0%
The Man with a Movie Camera
0%
The Marriage of Maria Braun
0%
The Match Factory Girl
0%
The Only Son
0%
The Scarlet Empress
0%
The Searchers
0%
The Silence
0%
The Spirit of the Beehive
0%
The Terrorist
0%
The Three Colors Trilogy: Blue, White, Red
0%
The Up Documentaries
0%
The Word
0%
Trouble in Paradise
0%
Unforgiven
0%
Vengeance is Mine
0%
Veronika Voss
0%
Victim
0%
Waking Life
0%
Walkabout
0%
What Ever Happened to Baby Jane?
0%
Withnail & I
0%
Woman in the Dunes
0%
Wreckmeister Harmonies
0%
Written on the Wind
0%
W.R. - Mysteries of the Organism
0%
Yellow Submarine
0%

Score Distribution

Percentile by Number Answered

Percent of People with Each Score

Your Score History

You have not taken this quiz since the last reset